1263 1609 1282 1174 1943 1227 1738 1705 1735 1805 1804 1564 1396 1812 1282 1985 1040 1234 1988 1727 1492 1549 1601 1539 1785 1481 1929 1496 1061 1957 1606 1888 1534 1970 1532 1453 1650 1254 1256 1587 1137 1629 1112 1391 1432 1517 1289 1685 1528 1345 1349 1084 1801 1249 1131 1096 1903 1334 1850 1189 1073 1320 1112 1185 1659 1700 1329 1007 1122 1186 1092 1522 1008 1010 1583 1140 1906 1018 1466 1658 1736 1133 1142 1195 1396 1519 1665 1484 1898 1532 1694 1137 1133 1618 1360 1724 1634 1161 1997 BCNSPRNW ULIB Ver.6.0+V

เปลี่ยนเป็นภาษาไทย

Change to English
 แสดงรายละเอียดบรรณานุกรม
  กลับหน้าหลัก

Brief Record : Get Marc (ISO 2709) : E-mail record : QR code < ปิดหน้าต่าง
LEADER : 00000nam 2200000uu 4500
001    13399123195
003     ULIB
008    020711s2552 th a 000 0 tha d
020    9786119000605
050    HD37^bป384ก
100    ประเวศน์ มหารัตน์สกุล
245    การจัดการมุ่งเน้นผลงาน /^cประเวศน์ มหารัตน์สกุล
250    พิมพ์ครั้งที่ 1
260    กรุงเทพฯ :^bพิมพ์ตะวัน,^c2552
300    208 หน้า
650    การจัดการมุ่งเน้นผลงาน
945    ^p150^l0^i20331
รายการนี้ยังไม่มีแท็ก
คุณยังไม่ได้ล็อกอิน คุณสามารถมีกิจกรรมร่วมกับเว็บไซต์ได้ แต่ต้องล็อกอินก่อน ::
  ล็อกอิน

รายการสื่อสารสนเทศ

ลำดับที่ ประเภท เลขเรียก/บาร์โค้ด สถานที่ สถานะ
1. การศึกษาทั่วไป
การศึกษาทั่วไป
HD37 ป384ก ฉ.1 
  Barcode: 20331
ห้องสมุดวิทยาเขตนครสวรรค์
►หนังสือทั่วไป:l:General Books
บนชั้น

BibComment


ยังไม่เคยถูกคอมเมนท์

คอมเมนท์ทรัพยากรรายการนี้
  คอมเมนท์: การจัดการมุ่งเน้น..


 Copyright 2026. Bcnsprnw @Library